Teoria general del estado / (Registro nro. 11751)
[ vista simple ]
| 000 -LEADER | |
|---|---|
| fixed length control field | 01495nam a2200313 4500 |
| 001 - CONTROL NUMBER | |
| control field | 0000022034 |
| 003 - CONTROL NUMBER IDENTIFIER | |
| control field | CO-CtgCURN |
| 005 - DATE AND TIME OF LATEST TRANSACTION | |
| control field | 20250329191030.0 |
| 007 - PHYSICAL DESCRIPTION FIXED FIELD--GENERAL INFORMATION | |
| fixed length control field | ta |
| 008 - FIXED-LENGTH DATA ELEMENTS--GENERAL INFORMATION | |
| fixed length control field | 160627s1954 000 0 eng d |
| 020 ## - INTERNATIONAL STANDARD BOOK NUMBER | |
| International Standard Book Number | 9974578493 |
| 040 ## - CATALOGING SOURCE | |
| Original cataloging agency | CO-CtgCURN |
| Language of cataloging | spa |
| Transcribing agency | coctgcurn |
| 082 0# - DEWEY DECIMAL CLASSIFICATION NUMBER | |
| Classification number | 320.15 |
| Item number | J35t |
| 100 1# - MAIN ENTRY--PERSONAL NAME | |
| Personal name | Jellinek, Georg. |
| 245 10 - TITLE STATEMENT | |
| Title | Teoria general del estado / |
| Statement of responsibility, etc. | Georg Jellinek , traducción y prologo de la 2a. ed. alemana por Fernando de los Rios Urriti. |
| 250 ## - EDITION STATEMENT | |
| Edition statement | 2a ed. |
| 260 ## - PUBLICATION, DISTRIBUTION, ETC. | |
| Place of publication, distribution, etc. | Buenos Aires : |
| Name of publisher, distributor, etc. | Albatros, |
| Date of publication, distribution, etc. | 1954. |
| 300 ## - PHYSICAL DESCRIPTION | |
| Extent | x, 948 p. |
| 336 ## - CONTENT TYPE | |
| Source | rdacontent |
| 337 ## - MEDIA TYPE | |
| Source | rdamedia |
| Media type term | sin mediacion |
| Media type code | n |
| 338 ## - CARRIER TYPE | |
| Source | rdacarrier |
| Carrier type term | volumen |
| Carrier type code | nc |
| 505 8# - FORMATTED CONTENTS NOTE | |
| Formatted contents note | El problema de la doctrina del Estado.--El metodo de la doctrina del estado.--Historia de la doctrina del estado.--Relaciones de la doctrina del estado con la totalidad de las ciencias.--De la naturaleza del estado.--Doctrina de los fines del estado.--Origen y desaparicion de los estados.--La constitucion del estado.--Las partes del derecho publico.--Las propiedades del poder del estado.--Los organos del estado.--Las funciones del estado.--La estructura del estado.--Las garantias del derecho publico |
| 650 14 - SUBJECT ADDED ENTRY--TOPICAL TERM | |
| Topical term or geographic name entry element | Estado. |
| 700 1# - ADDED ENTRY--PERSONAL NAME | |
| Personal name | Rios Urruti, Fernando de los, |
| Relator term | Traductor. |
| 908 ## - PUT COMMAND PARAMETER (RLIN) | |
| Put command parameter | 160627 |
| 942 ## - ADDED ENTRY ELEMENTS (KOHA) | |
| Koha item type | Libros |
| Classification part | 320.15 |
| Item part | J35t |
| Source of classification or shelving scheme | Dewey Decimal Classification |
| Withdrawn status | Lost status | Source of classification or shelving scheme | Damaged status | Not for loan | Collection | Home library | Current library | Shelving location | Date acquired | Inventory number | Total checkouts | Full call number | Barcode | Date last seen | Copy number | Price effective from | Koha item type | Public note |
|---|---|---|---|---|---|---|---|---|---|---|---|---|---|---|---|---|---|---|
| Dewey Decimal Classification | General | Miguel Henríquez Castañeda | Miguel Henríquez Castañeda | General | 03/29/2025 | 012989 | 320.15 J35t | 012989 | 03/29/2025 | ej.1 | 03/29/2025 | Libros | 320-CIENPO | |||||
| Dewey Decimal Classification | General | Miguel Henríquez Castañeda | Miguel Henríquez Castañeda | General | 03/29/2025 | 012990 | 320.15 J35t | 012990 | 03/29/2025 | ej.2 | 03/29/2025 | Libros | 320-CIENPO |